000 00323nam a2200145Ia 4500
008 230917s9999||||xx |||||||||||||| ||und||
020 _cPOU95
040 _e4962
_aMAIN
041 _aEnglish
082 _a309 H554U
100 _aHill, Michael
245 0 _aUnderstanding social policy
260 _c1980
942 _cBK
999 _c216939
_d216939